000 00544nam a2200157 a 4500
008 120416s1997 ||||||||||||||||| || u
020 _a0748729364
050 _aTA 153 Dar
100 _aDarbyshire, Alan
245 1 0 _aGNVQ: intermediate engineering
260 _aCheltenham
_bStanley Thornes
_c1997
300 _avii, 464p. : ill.
350 _a0.00
650 _aENGINEERING
995 _D0.00
_FCBU-MAIN LIBRARY (Kitwe)
_H1
_I0.00
_M1
_ULOST
_WNov 3, 2010
_ZMain Library Open Access Collection
999 _c44758
_d44758